Integración y equidad : (Registro nro. 4977)
[ vista simple ]
| 000 -LEADER | |
|---|---|
| fixed length control field | 01241nam a2200301Ia 4500 |
| 003 - CONTROL NUMBER IDENTIFIER | |
| control field | OSt |
| 005 - DATE AND TIME OF LATEST TRANSACTION | |
| control field | 20200416144251.0 |
| 008 - FIXED-LENGTH DATA ELEMENTS--GENERAL INFORMATION | |
| fixed length control field | 191128s1994 ck gr 000 0dspa d |
| 020 ## - INTERNATIONAL STANDARD BOOK NUMBER | |
| International Standard Book Number | 9589566405 |
| 040 ## - CATALOGING SOURCE | |
| Original cataloging agency | CO-JMCR |
| Transcribing agency | CO-JMCR |
| 041 0# - LANGUAGE CODE | |
| Language code of text/sound track or separate title | spa |
| 082 04 - DEWEY DECIMAL CLASSIFICATION NUMBER | |
| Classification number | 303.44 / |
| Item number | I57 |
| 100 1# - MAIN ENTRY--PERSONAL NAME | |
| Personal name | Bernal, Jorge A., |
| Relator term | coordinador |
| 9 (RLIN) | 3138 |
| 245 10 - TITLE STATEMENT | |
| Title | Integración y equidad : |
| Remainder of title | democracia, desarrollo y política social / |
| Statement of responsibility, etc. | Jorge A. Bernal ; prólogo Carlos Fuentes ; textos Norbert Lechner, Alberto Corchuel, Eugenio Lahera [y otros 13] |
| 250 ## - EDITION STATEMENT | |
| Edition statement | Primera edición |
| 260 ## - PUBLICATION, DISTRIBUTION, ETC. | |
| Place of publication, distribution, etc. | Bogotá : |
| Name of publisher, distributor, etc. | Corporación S.O.S. Colombia, |
| Date of publication, distribution, etc. | 1994 |
| 300 ## - PHYSICAL DESCRIPTION | |
| Extent | 424 páginas ; |
| Dimensions | 22 cm. |
| 500 ## - GENERAL NOTE | |
| General note | Incluye reseña de los autores en solapa frontal. |
| 505 ## - FORMATTED CONTENTS NOTE | |
| Formatted contents note | Estrategias de desarrollo y papel del estado en la economía -- Políticas sectoriales -- Educación, ciencia y tecnologia |
| 650 14 - SUBJECT ADDED ENTRY--TOPICAL TERM | |
| Topical term or geographic name entry element | Desarrollo social |
| General subdivision | Educación |
| 9 (RLIN) | 3139 |
| 650 14 - SUBJECT ADDED ENTRY--TOPICAL TERM | |
| Topical term or geographic name entry element | Desarrollo sostenible |
| General subdivision | Educación |
| 9 (RLIN) | 3140 |
| 650 14 - SUBJECT ADDED ENTRY--TOPICAL TERM | |
| Topical term or geographic name entry element | Ciencia y tecnología |
| General subdivision | Educación |
| 9 (RLIN) | 3141 |
| 700 1# - ADDED ENTRY--PERSONAL NAME | |
| Personal name | Fuentes, Carlos, |
| Relator term | autor |
| 9 (RLIN) | 2382 |
| 700 1# - ADDED ENTRY--PERSONAL NAME | |
| Personal name | Lechner, Norbert, |
| Relator term | autor |
| 9 (RLIN) | 3142 |
| 700 1# - ADDED ENTRY--PERSONAL NAME | |
| Personal name | Corchuelo, Alberto, |
| Relator term | autor |
| 9 (RLIN) | 3143 |
| 700 1# - ADDED ENTRY--PERSONAL NAME | |
| Personal name | Lahera, Eugenio |
| Relator term | autor |
| 9 (RLIN) | 3144 |
| 942 ## - ADDED ENTRY ELEMENTS (KOHA) | |
| Source of classification or shelving scheme | Dewey Decimal Classification |
| Koha item type | Books |
| Withdrawn status | Lost status | Source of classification or shelving scheme | Materials specified (bound volume or other part) | Damaged status | Not for loan | Home library | Current library | Shelving location | Date acquired | Source of acquisition | Cost, normal purchase price | Total Checkouts | Full call number | Barcode | Date last seen | Copy number | Price effective from | Koha item type |
|---|---|---|---|---|---|---|---|---|---|---|---|---|---|---|---|---|---|---|
| Dewey Decimal Classification | Donación--15/04/2018-- | Biblioteca Pública José María del Castillo y Rada | Biblioteca Pública José María del Castillo y Rada | General Stacks | 11/28/2019 | Donación | 0.00 | 303.44 / I57 | 430001091 | 05/16/2024 | Ej.1 | 11/28/2019 | Books |